000 00457nam a2200181Ia 4500
001 17527
005 20260306171524.0
008 260306s9999||||xx |||||||||||||| ||und||
041 _aESP
082 _a658.0017
_bG
100 _aBanco Interamericano de Desarrollo
_eAUT
245 0 _aGestión efectiva de emprendimiento sociales
260 _c2006
300 _a351 páginas :
_c23 cm.
650 _aGEN
654 _aCAN
942 _cLIB
_dJUS
_fJUS
_2ddc
_n
999 _c17527
_d17527